| 000 -LEADER |
| fixed length control field |
00725pam a2200229 a 4500 |
| 003 - CONTROL NUMBER IDENTIFIER |
| control field |
OSt |
| 005 - DATE AND TIME OF LATEST TRANSACTION |
| control field |
20240429192453.0 |
| 008 - FIXED-LENGTH DATA ELEMENTS--GENERAL INFORMATION |
| fixed length control field |
850718r19851984ilua b 001 0 eng |
| 020 ## - INTERNATIONAL STANDARD BOOK NUMBER |
| International Standard Book Number |
9780500295335 |
| 082 00 - DEWEY DECIMAL CLASSIFICATION NUMBER |
| Classification number |
745.2 |
| Edition number |
19 |
| Item number |
PAP |
| 100 1# - MAIN ENTRY--PERSONAL NAME |
| Personal name |
Papanek, Victor J. |
| 245 10 - TITLE STATEMENT |
| Title |
Design for the real world : |
| Remainder of title |
human ecology and social change / |
| Statement of responsibility, etc |
Victor Papanek. |
| 250 ## - EDITION STATEMENT |
| Edition statement |
3rd ed., |
| 260 ## - PUBLICATION, DISTRIBUTION, ETC. (IMPRINT) |
| Place of publication, distribution, etc |
Chicago, Ill. : |
| Name of publisher, distributor, etc |
Academy Chicago, |
| Date of publication, distribution, etc |
2019 |
| 300 ## - PHYSICAL DESCRIPTION |
| Extent |
xxi, 394 p. : |
| Other physical details |
ill. ; |
| Dimensions |
21 cm. |
| 500 ## - GENERAL NOTE |
| General note |
Reprint. Originally published: New York : Van Nostrand Reinhold, c1984. |
| 500 ## - GENERAL NOTE |
| General note |
Includes index. |
| 504 ## - BIBLIOGRAPHY, ETC. NOTE |
| Bibliography, etc |
Bibliography: p. 351-385. |
| 650 #0 - SUBJECT ADDED ENTRY--TOPICAL TERM |
| Topical term or geographic name as entry element |
Industrial design. |
| 650 #0 - SUBJECT ADDED ENTRY--TOPICAL TERM |
| Topical term or geographic name as entry element |
Human engineering. |
| 942 ## - ADDED ENTRY ELEMENTS (KOHA) |
| Source of classification or shelving scheme |
|